Kraje Europejskie O Największej Populacji - Statistics

General Stats
  • This quiz has been taken 307 times
  • The average score is 4 of 5
Answer Stats
Ludność Kraj % Correct
68 million Francja
96%
144 million Rosja
96%
84 million Niemcy
93%
69 million Wielka Brytania
80%
83 million Turcja
61%
No matching quizzes found
Score Distribution
Percent of People with Each Score
Percentile by Number Answered
Your Score History
You have not taken this quiz